[Event "Vlissingen HZ op 21st"]
[Site "Vlissingen"]
[Date "2017.08.09"]
[Round "6"]
[White "Gonzales, Jayson"]
[Black "Nieuwelink, Kees"]
[Result "1-0"]
[WhiteElo "2378"]
[BlackElo "2173"]
[PlyCount "99"]
[EventDate "2017.08.05"]
[EventType "swiss"]
[EventRounds "9"]
[EventCountry "NED"]
[SourceTitle "CBM 179 Extra"]
[Source "ChessBase"]
[SourceDate "2017.08.23"]
[SourceVersion "1"]
[SourceVersionDate "2017.08.23"]
[SourceQuality "1"]

1. e4 e5 2. Nf3 Nc6 3. Bc4 Nf6 4. d3 Bc5 5. c3 a6 6. h3 Ba7 7. Bb3 d6 8. Qe2 0-0 9. Bg5 Be6 10. Nbd2 Qe7 11. Bc2 Kh8 12. Nf1 d5 13. Ne3 Bxe3 14. fxe3 dxe4 15. dxe4 Rad8 16. 0-0 h6 17. Bh4 Rg8 18. Bg3 Nd7 19. Nh4 Qg5 20. Kh2 g6 21. Rad1 Rge8 22. c4 Nc5 23. b3 a5 24. Nf3 Qh5 25. Rxd8 Rxd8 26. Qe1 f6 27. Nd2 g5 28. Rxf6 Kg7 29. Rf1 g4 30. Bh4 Rg8 31. Bd1 Kh7 32. g3 Qg6 33. Rf6 Qg7 34. Rxe6 Nxe6 35. Bxg4 Ng5 36. Nb1 Ne7 37. Nc3 Rf8 38. Kg2 c6 39. Qe2 Qg6 40. Bh5 Qd6 41. Nd1 Rd8 42. Nf2 Ng6 43. Qg4 Nxh4+ 44. gxh4 Rg8 45. Kf1 Ne6 46. Qf5+ Kh8 47. Qf6+ Kh7 48. Bf7 Rg7 49. Bxe6 Qd2 50. Qf5+ 1-0

[Event "Sitges op 43rd"]
[Site "Sitges"]
[Date "2017.07.25"]
[Round "4"]
[White "Gonzales, Jayson"]
[Black "Volkov, Sergey"]
[Result "0-1"]
[WhiteElo "2399"]
[BlackElo "2627"]
[PlyCount "78"]
[EventDate "2017.07.22"]
[EventType "swiss"]
[EventRounds "9"]
[EventCountry "ESP"]
[SourceTitle "CBM 179 Extra"]
[Source "ChessBase"]
[SourceDate "2017.08.23"]
[SourceVersion "1"]
[SourceVersionDate "2017.08.23"]
[SourceQuality "1"]

1. e4 e6 2. d4 d5 3. Nc3 Nf6 4. e5 Nfd7 5. f4 c5 6. Nf3 Be7 7. Be3 Nc6 8. Qd2 b6 9. Bb5 Qc7 10. 0-0 a6 11. Bd3 Bb7 12. Nd1 cxd4 13. Nxd4 Nc5 14. Nxc6 Qxc6 15. Bd4 f5 16. exf6 Bxf6 17. c3 0-0 18. Nf2 a5 19. Rfe1 a4 20. Re3 a3 21. b3 Rac8 22. Bc2 Qc7 23. Rh3 Ne4 24. Bxe4 dxe4 25. Re1 Bxd4 26. Qxd4 Rcd8 27. Qe3 Rxf4 28. Rg3 e5 29. b4 Rdf8 30. Re2 Bd5 31. Rd2 Qf7 32. c4 Bxc4 33. Qxb6 e3 34. Qxe3 Bxa2 35. h3 Be6 36. Qb6 a2 37. Ra3 Rd4 38. Rb2 Qf5 39. Qa6 Bc4 0-1

[Event "Barcelona Sant Marti op-A 19th"]
[Site "Barcelona"]
[Date "2017.07.20"]
[Round "8"]
[White "Gonzales, Jayson"]
[Black "Mendonca, Leon Luke"]
[Result "1/2-1/2"]
[WhiteElo "2399"]
[BlackElo "2222"]
[PlyCount "86"]
[EventDate "2017.07.13"]
[EventType "swiss"]
[EventRounds "9"]
[EventCountry "ESP"]
[SourceTitle "EXT 2018"]
[Source "ChessBase"]
[SourceDate "2017.10.13"]
[SourceVersion "1"]
[SourceVersionDate "2017.10.13"]
[SourceQuality "1"]

1. d4 Nf6 2. Bf4 g6 3. e3 Bg7 4. Nf3 0-0 5. Be2 d6 6. h3 Nc6 7. 0-0 Nd7 8. c4 e5 9. Bh2 Kh8 10. Nc3 f5 11. Rc1 h6 12. a3 g5 13. dxe5 dxe5 14. b4 e4 15. Nd4 Nxd4 16. exd4 Nf6 17. Be5 c6 18. Qc2 Qe7 19. Rfd1 Bd7 20. a4 Be8 21. b5 Bg6 22. bxc6 bxc6 23. Rb1 Bh7 24. a5 f4 25. a6 Qe6 26. Rb7 f3 27. Bf1 g4 28. Qd2 fxg2 29. Bxg2 gxh3 30. Bf1 Qg4+ 31. Bg3 Nh5 32. Be2 Qf5 33. Qe3 c5 34. Nb5 Nxg3 35. fxg3 h2+ 36. Kg2 cxd4 37. Nxd4 Qf6 38. Nb5 Qxa6 39. Rdd7 Qa1 40. Kxh2 Qe1 41. Kg2 Rf3 42. Rxg7 Rxe3 43. Rxh7+ Kg8 1/2-1/2

[Event "Barcelona Sant Marti op-A 19th"]
[Site "Barcelona"]
[Date "2017.07.16"]
[Round "4"]
[White "Gonzales, Jayson"]
[Black "Tejaswini, Sagar"]
[Result "1-0"]
[WhiteElo "2399"]
[BlackElo "2160"]
[PlyCount "63"]
[EventDate "2017.07.13"]
[EventType "swiss"]
[EventRounds "9"]
[EventCountry "ESP"]
[SourceTitle "EXT 2018"]
[Source "ChessBase"]
[SourceDate "2017.10.13"]
[SourceVersion "1"]
[SourceVersionDate "2017.10.13"]
[SourceQuality "1"]

1. e4 e5 2. Nf3 Nc6 3. Bc4 Bc5 4. c3 Nf6 5. d3 0-0 6. a4 d5 7. exd5 Nxd5 8. b4 Be7 9. 0-0 Bf5 10. Re1 Nb6 11. Bb5 Bf6 12. a5 Nd5 13. a6 Bc8 14. Qb3 Nde7 15. Nbd2 bxa6 16. Bc4 Rb8 17. Ne4 Nf5 18. Bxa6 Bxa6 19. Rxa6 Rb6 20. Qa4 Qd5 21. b5 Nb8 22. Rxb6 axb6 23. Nxf6+ gxf6 24. Qg4+ Kh8 25. Qxf5 Nd7 26. c4 Qe6 27. Qxe6 fxe6 28. d4 exd4 29. Nxd4 e5 30. Nc6 Ra8 31. h4 Nc5 32. Rd1 1-0